000 00320nam a22001337a 4500
008 190306b xxu||||| |||| 00| 0 eng d
020 _a9780781747745
041 _aeng
080 _22nd
_a610
100 _a4
101 _aSHM
245 _aField Guide to the Difficult Patient Interview
_cPlatt, F.W
942 _2udc
_cBK
999 _c54634
_d54634